| 000 | 00571nam a22001817a 4500 | ||
|---|---|---|---|
| 005 | 20171103163310.0 | ||
| 010 | _aENG-121206 | ||
| 020 | _c150.00 | ||
| 035 | _aEN-104738 | ||
| 037 | _bDBAD/PUB | ||
| 082 | _a658.1 | ||
| 100 | _aPrasad, V.Vijay Durga | ||
| 245 |
_aOrganizational behaviour / _cby V.Vijay Durga Prasad |
||
| 260 |
_aMachilipatnam _bDuvvuri Publications _c2011 |
||
| 270 |
_aDuvvuri Publications , M.I.G.-143, A.P.H.B. Colony, Machilipatnam _bMachilipatnam _e521001 |
||
| 300 |
_ax, 228p. _c24cm(pbk) |
||
| 942 |
_2ddc _cEN _h658.1 _mVIJ |
||
| 999 |
_c147141 _d147141 |
||